Normal view
MARC view
Entry Personal Name
001 - CONTROL NUMBER
- control field: 40545
003 - CONTROL NUMBER IDENTIFIER
- control field: ARRUPE
005 - DATE AND TIME OF LATEST TRANSACTION
- control field: 20180314085021.0
008 - FIXED-LENGTH DATA ELEMENTS
- fixed length control field: 180314|| aca||aabn | a|a d
040 ## - CATALOGING SOURCE
- Original cataloging agency: ARRUPE
- Transcribing agency: ARRUPE
100 ## - HEADING--PERSONAL NAME
- Personal name: Stephen, Leslie
670 ## - SOURCE DATA FOUND
- Source citation: Work cat.: (ARRUPE): Stephen, Leslie, English literature and society in the eighteenth century, 1927